El yo y los mecanismos de defensa /
Guardado en:
| Autor Principal: | |
|---|---|
| Formato: | Libro |
| Publicado: |
Argentina :
Paidós,
1965
|
| Edición: | 4a. ed. |
| Etiquetas: |
Agregar Etiqueta
Sin Etiquetas, Sea el primero en etiquetar este registro!
|
| LEADER | 00611nam a22001695a 4500 | ||
|---|---|---|---|
| 001 | CEM.cems002626 | ||
| 005 | 19000101000000.0 | ||
| 008 | 130507s1965##################000#0#####d | ||
| 003 | CEMS | ||
| 082 | 0 | 4 | |a 131.34 |
| 100 | 1 | |a Freud, Anna | |
| 245 | 1 | 0 | |a El yo y los mecanismos de defensa / |
| 250 | |a 4a. ed. | ||
| 260 | |a Argentina : |b Paidós, |c 1965 | ||
| 300 | |a 200 p. | ||
| 505 | 0 | |a ante los instintos; El yo y el ello en la pubertad; La angustia instintiva durante la pubertad; Ascetismo, intelectualizacion, amor objetal e identificacion en la pubertad. | |
| 859 | |a CEMS |b BIB. CEMS - 11 de abril |h 131.34 |i F895a4 |p 355.73 |t Ej.1 | ||
